Womens education in india : (Record no. 136085)

MARC details
000 -LEADER
fixed length control field 01002nam a22002537a 4500
005 - DATE AND TIME OF LATEST TRANSACTION
control field 20170124110254.0
010 ## - LIBRARY OF CONGRESS CONTROL NUMBER
LC control number A-688963
020 ## - INTERNATIONAL STANDARD BOOK NUMBER
Terms of availability 00.00
International Standard Book Number 8170223180
035 ## - SYSTEM CONTROL NUMBER
System control number A-688963
037 ## - SOURCE OF ACQUISITION
Source of stock number/acquisition Cen Lib/Ret
040 ## - CATALOGING SOURCE
Original cataloging agency DPL
Language of cataloging EN
082 ## - DEWEY DECIMAL CLASSIFICATION NUMBER
Classification number 376.954
Item number AGA
100 ## - MAIN ENTRY--PERSONAL NAME
Personal name Agarwal, S.P.
9 (RLIN) 7660
245 ## - TITLE STATEMENT
Title Womens education in india :
Statement of responsibility, etc by S.P. Agarwal [and] J.C. Agarwal
Remainder of title historical review, present status, and perspective plan with statistical indicators, and index to scholarly writings inIndian educational journals since independence
246 ## - VARYING FORM OF TITLE
Remainder of title
260 ## - PUBLICATION, DISTRIBUTION, ETC. (IMPRINT)
Name of publisher, distributor, etc New Delhi
Place of publication, distribution, etc Concept Publishing
Date of publication, distribution, etc 1994
270 ## - ADDRESS
Address A/15-16, Commercial block Mohan garden
City New Delhi
Postal code 110059
300 ## - PHYSICAL DESCRIPTION
Extent 315p.
Dimensions 20m(Hb)
490 ## - SERIES STATEMENT
Series statement Concept in communication informatics & librarianship -13
650 ## - SUBJECT ADDED ENTRY--TOPICAL TERM
Topical term or geographic name as entry element Women -- Education -- India -- History.
9 (RLIN) 101615
650 ## - SUBJECT ADDED ENTRY--TOPICAL TERM
Topical term or geographic name as entry element Women -- Education.
Geographic subdivision India
9 (RLIN) 101616
700 ## - ADDED ENTRY--PERSONAL NAME
Personal name Agarwal, J.C.
9 (RLIN) 9464
942 ## - ADDED ENTRY ELEMENTS (KOHA)
Source of classification or shelving scheme Dewey Decimal Classification
Koha item type English Books
Classification part 376.954
Call number suffix AGA
Holdings
Withdrawn status Lost status Damaged status Not for loan Home library Current library Date acquired Source of acquisition Cost, normal purchase price Total Checkouts Full call number Barcode Date last seen Copy number Cost, replacement price Price effective from Koha item type
        Central Library Central Library 13/10/2015 Cen Lib/Ret 0.00   376.954 AGA A-688963 13/10/2015 1 0.00 13/10/2015 English Books

© Delhi Public Library
Hit Counter
free hit counter